| 000 | 02026nam a22002897a 4500 | ||
|---|---|---|---|
| 005 | 2010072400340.0 | ||
| 010 | _aENG-96462 B-446465-469 | ||
| 020 |
_a8125029869 _c650.00 675.00 |
||
| 020 |
_a9788125029861 _c650.00 675.00 |
||
| 035 | _aEN-79995 B-446465-469 | ||
| 037 | _bDBAD/PUB | ||
| 082 | _a362.196998 | ||
| 100 |
_aStaples, James _91306 |
||
| 245 |
_aPeculiar people, amazing lives : _bleprosy, social exclusion and community making in South India / _cby James Staples |
||
| 260 |
_aNew Delhi _bOrient Longman _c2007 |
||
| 270 |
_a1/24, Asaf Ali Road _bNew Delhi _e110002 |
||
| 300 |
_axv, 290p. _c23cm.(Hb) |
||
| 500 | _aincludes bibliographical references and index | ||
| 942 |
_2ddc _cEN _h362.196998 _mSTA |
||
| 999 |
_c37596 _d37596 |
||